00407nam a22001457a 4500082001200000100001100012100002000023100004100043245004400084260002700128300000800155700003500163700003500198700002800233 aR/2CS18 aTooba  aRoll No. 18CS13 aSupervisor - Dr. Imtiaz Ali Halepoto aRFID Based Security System For Schools  aNawabshahbQUESTc2021 a71p aFaraz Soomro (Roll No. 18CS14) aKiran Soomro (Roll No. 18CS01) aImran (Roll No. 18CS15)